Guidance for Generative AI in Education and Research

Salvato in:
Dettagli Bibliografici
Natura: Libro
Lingua:inglese
Pubblicazione: Paris UNESCO 2023
Soggetti:
Tags: Aggiungi Tag
Nessun Tag, puoi essere il primo ad aggiungerne!!

MARC

LEADER 00000nlm a2200000 4500
001 0299269
005 20240416114217.8
020 |a 978-92-3-100612-8 
041 0 |a eng 
044 |a FR 
245 1 0 |a Guidance for Generative AI in Education and Research 
264 1 |a Paris  |b UNESCO  |c 2023 
300 |a 44 s. 
610 2 0 |a vzdelávanie 
610 2 0 |a výskum 
610 2 0 |a inteligencia umelá 
610 2 0 |a politika vzdelávania 
610 2 0 |a právo autorské 
610 2 0 |a ochrana autorstva 
610 2 0 |a ochrana údajov osobných 
610 2 0 |a etika